Streetwise Achieving Wealth Through Franchising : (Record no. 594067)

MARC details
000 -LEADER
fixed length control field 00505nam a2200193 a 4500
008 - FIXED-LENGTH DATA ELEMENTS--GENERAL INFORMATION
fixed length control field 251026s2002##################000#0#eng##
020 ## - INTERNATIONAL STANDARD BOOK NUMBER
ISBN 9781580625036
082 04 - DEWEY DECIMAL CLASSIFICATION NUMBER
Classification number 658.8708
Item number JUS
100 1# - MAIN ENTRY--AUTHOR NAME
Personal name Justis, Robert T.,
245 10 - TITLE STATEMENT
Title Streetwise Achieving Wealth Through Franchising :
260 ## - PUBLICATION, DISTRIBUTION, ETC. (IMPRINT)
Name of publisher Adams Media,
Year of publication 2002.
300 ## - PHYSICAL DESCRIPTION
Number of Pages 416 pages
650 #0 - SUBJECT ADDED ENTRY--TOPICAL TERM
Topical Term Business & Economics.
942 ## - ADDED ENTRY ELEMENTS (KOHA)
Koha item type English Books
Holdings
Withdrawn status Lost status Damaged status Not for loan Home library Current library Shelving location Date acquired Full call number Accession Number Price effective from Koha item type
        Anna Centenary Library Anna Centenary Library 6TH FLOOR, B WING 26.10.2025 658.8708 JUS 399014 26.10.2025 English Books

Find us on the map